| 000 | 00642nam a2200181Ia 4500 | ||
|---|---|---|---|
| 008 | 090124s9999 xx 000 0 und d | ||
| 082 | _b3637 | ||
| 100 | _aगडकरी राम गणेश | ||
| 245 | _a रिकामपणची कामगिरी | ||
| 250 | _a4 | ||
| 260 |
_bपरचुरे पुराणिक आणि मंडऴी _c1937 |
||
| 300 | _a96 | ||
| 600 | _aगडकरी राम गणेश | ||
| 630 | _a रिकामपणची कामगिरी | ||
| 700 | _aगडकरी राम गणेश | ||
| 730 | _a रिकामपणची कामगिरी | ||
| 942 | _cBOOK | ||
| 999 |
_c83226 _d83226 |
||